[Event "FIN-chT 2223"]
[Site "Finland"]
[Date "2022.10.15"]
[Round "3.2"]
[White "Ronka, Erik"]
[Black "Kononen, Keijo"]
[Result "1-0"]
[WhiteElo "2248"]
[BlackElo "2281"]
[PlyCount "45"]
[EventDate "2022.09.24"]
[EventType "team-tourn"]
[EventRounds "11"]
[EventCountry "FIN"]
[SourceTitle "EXT 2024"]
[Source "ChessBase"]
[SourceDate "2023.10.10"]
[SourceVersion "1"]
[SourceVersionDate "2023.10.10"]
[SourceQuality "1"]
[WhiteTeam "Vantaa EtVaS"]
[BlackTeam "Raahe Li"]
[WhiteTeamCountry "FIN"]
[BlackTeamCountry "FIN"]

1. e4 c6 2. d4 d5 3. Nd2 dxe4 4. Nxe4 Nd7 5. Ng5 Ngf6 6. Bd3 e6 7. N1f3 Bd6 8. Qe2 h6 9. Ne4 Nxe4 10. Qxe4 Qc7 11. 0-0 b6 12. Qg4 Kf8 13. b3 Bb7 14. Re1 Nf6 15. Qh3 Bb4 16. Bd2 Bxd2 17. Nxd2 Rd8 18. Nf3 Ke7 19. Ne5 Rxd4 20. Qg3 Nh5 21. Ng6+ Kd8 22. Qxc7+ Kxc7 23. Nxh8 1-0

[Event "FIN-chT 1617"]
[Site "Finland"]
[Date "2017.02.03"]
[Round "9.3"]
[White "Nevanlinna, Risto"]
[Black "Kononen, Keijo"]
[Result "1-0"]
[WhiteElo "2263"]
[BlackElo "2260"]
[PlyCount "53"]
[EventDate "2016.09.17"]
[EventType "team-tourn"]
[EventRounds "11"]
[EventCountry "FIN"]
[SourceTitle "EXT 2022"]
[Source "ChessBase"]
[SourceDate "2021.10.06"]
[SourceVersion "1"]
[SourceVersionDate "2021.10.06"]
[SourceQuality "1"]
[WhiteTeam "Jyvaskyla JyS"]
[BlackTeam "Oulu OSS"]
[WhiteTeamCountry "FIN"]
[BlackTeamCountry "FIN"]

1. e4 c5 2. Be2 Nc6 3. f4 g6 4. Nf3 Bg7 5. 0-0 d6 6. d3 e6 7. Qe1 Nge7 8. c3 b6 9. Na3 Qd7 10. Nc4 b5 11. Ne3 f5 12. a4 b4 13. Nc4 bxc3 14. bxc3 Ba6 15. e5 dxe5 16. Nfxe5 Nxe5 17. Nxe5 Qc7 18. d4 Bxe2 19. Qxe2 Bxe5 20. fxe5 cxd4 21. cxd4 Qd7 22. Bh6 Qxd4+ 23. Kh1 Kf7 24. Bg5 Nd5 25. Qb5 Rhe8 26. Qd7+ Kg8 27. Bf6 1-0

[Event "FIN-chT 1617"]
[Site "Finland"]
[Date "2016.10.08"]
[Round "3.4"]
[White "Pohjala, Henri"]
[Black "Kononen, Keijo"]
[Result "1/2-1/2"]
[WhiteElo "2376"]
[BlackElo "2260"]
[PlyCount "103"]
[EventDate "2016.09.17"]
[EventType "team-tourn"]
[EventRounds "11"]
[EventCountry "FIN"]
[SourceTitle "EXT 2017"]
[Source "ChessBase"]
[SourceDate "2016.10.25"]
[SourceVersion "1"]
[SourceVersionDate "2016.10.25"]
[SourceQuality "1"]
[WhiteTeam "Tampere Tammer"]
[BlackTeam "Oulu OSS"]
[WhiteTeamCountry "FIN"]
[BlackTeamCountry "FIN"]

1. d4 Nf6 2. Nf3 g6 3. g3 Bg7 4. Bg2 0-0 5. 0-0 d6 6. c4 Nc6 7. Nc3 a6 8. Ne1 Bd7 9. Nc2 Rb8 10. b3 b5 11. cxb5 axb5 12. d5 Na7 13. Be3 c5 14. dxc6 Nxc6 15. Rc1 Qa5 16. Bd2 Rfc8 17. Nd5 Qd8 18. Ndb4 Nxb4 19. Nxb4 Rxc1 20. Qxc1 Rc8 21. Qa3 e6 22. Rc1 d5 23. Rxc8 Qxc8 24. Qa6 Qxa6 25. Nxa6 Bf8 26. e3 Ba3 27. f3 Kf8 28. Bc3 Ke7 29. b4 Ne8 30. Nc5 Nd6 31. Kf2 Nc4 32. Bf1 Bc6 33. Nd3 f6 34. f4 Be8 35. Bd4 e5 36. fxe5 fxe5 37. Bc5+ Kf6 38. Bg2 Bf7 39. Ke2 g5 40. Nf2 h5 41. Nd1 Bb2 42. Nxb2 Nxb2 43. Kd2 Ke6 44. Bf1 Be8 45. h4 g4 46. Be2 Nc4+ 47. Kc3 Nd6 48. Bxd6 Kxd6 49. Bd1 Bd7 50. Bc2 Be8 51. a3 Kc7 52. Bd3 1/2-1/2

[Event "FIN-chT 1516"]
[Site "Finland"]
[Date "2016.02.06"]
[Round "7.5"]
[White "Linnanen, Lassi"]
[Black "Kononen, Keijo"]
[Result "0-1"]
[WhiteElo "2168"]
[BlackElo "2250"]
[PlyCount "108"]
[EventDate "2015.09.12"]
[EventType "team-tourn"]
[EventRounds "11"]
[EventCountry "FIN"]
[SourceTitle "CBM 170 Extra"]
[Source "ChessBase"]
[SourceDate "2016.02.25"]
[SourceVersion "1"]
[SourceVersionDate "2016.02.25"]
[SourceQuality "1"]
[WhiteTeam "Helsinki Aatos"]
[BlackTeam "Oulu OSS"]
[WhiteTeamCountry "FIN"]
[BlackTeamCountry "FIN"]

1. e4 c5 2. Nf3 d6 3. d4 cxd4 4. Nxd4 Nf6 5. Nc3 a6 6. h3 e6 7. g4 b5 8. Bg2 Bb7 9. g5 Nfd7 10. a3 Nb6 11. 0-0 N8d7 12. f4 e5 13. Nf5 Qc7 14. Nd5 Bxd5 15. exd5 g6 16. Ng3 exf4 17. Bxf4 Bg7 18. Ne4 Nc4 19. c3 0-0 20. b3 Qb6+ 21. Kh1 Ne3 22. Bxe3 Qxe3 23. Qe1 Qxe1 24. Raxe1 Be5 25. Rc1 Kg7 26. c4 Bb2 27. Rc2 Bxa3 28. cxb5 axb5 29. Rc7 Ne5 30. Rf6 Rfc8 31. Rxc8 Rxc8 32. Nxd6 Rc1+ 33. Kh2 Bxd6 34. Rxd6 Rc3 35. Rb6 Rxb3 36. Rb7 h6 37. gxh6+ Kxh6 38. d6 f6 39. d7 Rd3 40. Rxb5 Rxd7 41. Rb6 Kg5 42. Rb3 f5 43. Ra3 Rd2 44. Kg1 Nd3 45. Bf1 Nf4 46. Ra4 Nd5 47. Ra3 Kh4 48. Ra6 g5 49. Rd6 Kg3 50. Rg6 g4 51. hxg4 f4 52. Rh6 Ne3 53. Rh3+ Kxg4 54. Rh1 Rd1 0-1

[Event "FIN-chT 1516"]
[Site "Finland"]
[Date "2015.11.07"]
[Round "5.5"]
[White "Jarvenpaa, Jari"]
[Black "Kononen, Keijo"]
[Result "1-0"]
[WhiteElo "2247"]
[BlackElo "2250"]
[PlyCount "79"]
[EventDate "2015.09.12"]
[EventType "team-tourn"]
[EventRounds "11"]
[EventCountry "FIN"]
[SourceTitle "EXT 2017"]
[Source "ChessBase"]
[SourceDate "2016.10.25"]
[SourceVersion "1"]
[SourceVersionDate "2016.10.25"]
[SourceQuality "1"]
[WhiteTeam "Espoo MatSK"]
[BlackTeam "Oulu OSS"]
[WhiteTeamCountry "FIN"]
[BlackTeamCountry "FIN"]

1. e4 c5 2. c3 Nf6 3. e5 Nd5 4. Nf3 e6 5. d4 cxd4 6. cxd4 d6 7. Bc4 Nc6 8. 0-0 Be7 9. Qe2 0-0 10. Nc3 Nxc3 11. bxc3 dxe5 12. dxe5 Qc7 13. Bd3 Bd7 14. Qe4 g6 15. Re1 Rfd8 16. h4 Be8 17. Bg5 Rd5 18. Bc4 Rc5 19. Be3 Ra5 20. Bf4 Ra4 21. Qe2 Na5 22. Bb3 Rxf4 23. g3 Rxf3 24. Qxf3 Bc6 25. Qg4 Bc5 26. Qe2 a6 27. Rad1 Nxb3 28. axb3 Bd5 29. c4 Bc6 30. Rd3 b6 31. Red1 Bb7 32. Kh2 Qc6 33. f3 Kg7 34. Qd2 h5 35. Qg5 Rf8 36. Qf6+ Kg8 37. g4 Re8 38. Rd8 Rxd8 39. Rxd8+ Bf8 40. Qe7 1-0

[Event "FIN-chT 1516"]
[Site "Finland"]
[Date "2015.09.13"]
[Round "2.5"]
[White "Sorsa, Nuutti"]
[Black "Kononen, Keijo"]
[Result "1/2-1/2"]
[WhiteElo "2237"]
[BlackElo "2250"]
[PlyCount "104"]
[EventDate "2015.09.12"]
[EventType "team-tourn"]
[EventRounds "11"]
[EventCountry "FIN"]
[SourceTitle "EXT 2016"]
[Source "ChessBase"]
[SourceDate "2015.10.08"]
[SourceVersion "1"]
[SourceVersionDate "2015.10.08"]
[SourceQuality "1"]
[WhiteTeam "Turku TuTS"]
[BlackTeam "Oulu OSS"]
[WhiteTeamCountry "FIN"]
[BlackTeamCountry "FIN"]

1. c4 Nf6 2. g3 c6 3. Bg2 d5 4. Nf3 dxc4 5. Qc2 Qd5 6. Nc3 Qh5 7. Nd1 g6 8. Ne3 Bg7 9. Nxc4 0-0 10. h3 Qf5 11. d3 c5 12. Be3 Nc6 13. Nh4 Qd7 14. Bxc5 Nd5 15. Ne3 Nxe3 16. Bxe3 Nd4 17. Qd2 Qb5 18. 0-0 Be6 19. a4 Qd7 20. Bxd4 Bxd4 21. Nf3 Bf6 22. Kh2 Rac8 23. d4 Rc4 24. b3 Rc7 25. Rab1 Bd5 26. Ne5 Qe6 27. Ng4 Bg7 28. e4 Bxe4 29. Rbe1 f5 30. d5 Qd6 31. Bxe4 fxg4 32. Qg5 gxh3 33. Kxh3 Rc3 34. Bg2 Bf6 35. Qg4 Rxb3 36. Re6 Qc5 37. Be4 Rb4 38. f4 Rxe4 39. Rxe4 Qxd5 40. Qe6+ Qxe6+ 41. Rxe6 Kf7 42. Re4 Rc8 43. g4 Rc3+ 44. Kg2 h5 45. g5 Bg7 46. Rfe1 e5 47. Rb1 b6 48. a5 Ke6 49. axb6 axb6 50. fxe5 Bxe5 51. Rxb6+ Kf5 52. Rxe5+ Kxe5 1/2-1/2

[Event "FIN-chT 1415"]
[Site "Finland"]
[Date "2014.10.18"]
[Round "3.5"]
[White "Koskinen, Henri"]
[Black "Kononen, Keijo"]
[Result "1/2-1/2"]
[WhiteElo "2248"]
[BlackElo "2229"]
[PlyCount "82"]
[EventDate "2014.09.27"]
[EventType "team-tourn"]
[EventRounds "11"]
[EventCountry "FIN"]
[SourceTitle "EXT 2016"]
[Source "ChessBase"]
[SourceDate "2015.10.08"]
[SourceVersion "1"]
[SourceVersionDate "2015.10.08"]
[SourceQuality "1"]
[WhiteTeam "Vantaa EtVaS"]
[BlackTeam "Oulu OSS"]
[WhiteTeamCountry "FIN"]
[BlackTeamCountry "FIN"]

1. d4 Nf6 2. Nf3 g6 3. g3 Bg7 4. Bg2 0-0 5. 0-0 d6 6. c4 Nc6 7. Nc3 a6 8. Re1 Rb8 9. Rb1 Bf5 10. e4 Bg4 11. Be3 Nd7 12. Ne2 Bxf3 13. Bxf3 Na5 14. b3 c5 15. dxc5 dxc5 16. Bg2 Qc7 17. Qc2 Nc6 18. Rbd1 Rfd8 19. Qc1 b6 20. Nc3 e6 21. Bg5 Re8 22. Ne2 Nd4 23. Be3 Nxe2+ 24. Rxe2 Ne5 25. Red2 Nc6 26. Rd7 Qc8 27. Bf4 Nd4 28. R7xd4 Bxd4 29. Bxb8 Qxb8 30. Qg5 Kg7 31. Bf3 e5 32. Kg2 Re6 33. Rd3 b5 34. Qc1 Rf6 35. Qc2 Qb7 36. Rd2 h5 37. Qd3 Rb6 38. h4 a5 39. cxb5 Rxb5 40. Rc2 Rb4 41. Rc4 Rxc4 1/2-1/2

[Event "FIN-chT 1314"]
[Site "Finland"]
[Date "2013.11.02"]
[Round "5.6"]
[White "Kononen, Keijo"]
[Black "Kytoniemi, Jyrki"]
[Result "0-1"]
[WhiteElo "2222"]
[BlackElo "2261"]
[PlyCount "80"]
[EventDate "2013.09.21"]
[EventType "team-tourn"]
[EventRounds "11"]
[EventCountry "FIN"]
[SourceTitle "EXT 2014"]
[Source "ChessBase"]
[SourceDate "2013.11.20"]
[SourceVersion "1"]
[SourceVersionDate "2013.11.20"]
[SourceQuality "1"]
[WhiteTeam "Oulu OSS"]
[BlackTeam "Tampere Tammer"]
[WhiteTeamCountry "FIN"]
[BlackTeamCountry "FIN"]

1. e4 c5 2. Nf3 d6 3. d4 cxd4 4. Nxd4 Nf6 5. Nc3 g6 6. Be3 Bg7 7. f3 Nc6 8. Qd2 0-0 9. Bc4 Nxd4 10. Bxd4 Be6 11. Bb3 Qa5 12. 0-0-0 Bxb3 13. cxb3 Rfc8 14. Kb1 Rc6 15. h4 h5 16. a3 Rac8 17. Rc1 a6 18. g4 e5 19. Be3 hxg4 20. fxg4 Rxc3 21. Rxc3 Rxc3 22. Qxc3 Qxc3 23. bxc3 Nxe4 24. Kc2 f5 25. gxf5 gxf5 26. c4 f4 27. Bb6 Kf7 28. Re1 Ng3 29. Bf2 Nh5 30. a4 Bf6 31. b4 Ke6 32. b5 Kf5 33. bxa6 bxa6 34. Rb1 e4 35. Rb6 e3 36. Bxe3 fxe3 37. Kd3 Kf4 38. Rxd6 Kf3 39. Kc2 e2 40. Re6 Bxh4 0-1

[Event "FIN-chT 1314"]
[Site "Finland"]
[Date "2013.10.13"]
[Round "4.6"]
[White "Hynninen, Juha"]
[Black "Kononen, Keijo"]
[Result "1/2-1/2"]
[WhiteElo "2205"]
[BlackElo "2222"]
[PlyCount "82"]
[EventDate "2013.09.21"]
[EventType "team-tourn"]
[EventRounds "11"]
[EventCountry "FIN"]
[SourceTitle "EXT 2014"]
[Source "ChessBase"]
[SourceDate "2013.11.20"]
[SourceVersion "1"]
[SourceVersionDate "2013.11.20"]
[SourceQuality "1"]
[WhiteTeam "Salo SalSK"]
[BlackTeam "Oulu OSS"]
[WhiteTeamCountry "FIN"]
[BlackTeamCountry "FIN"]

1. d4 Nf6 2. c4 e6 3. Nc3 Bb4 4. e3 c5 5. Nge2 cxd4 6. exd4 0-0 7. a3 Be7 8. Nf4 d5 9. cxd5 Nxd5 10. Ncxd5 exd5 11. Bd3 Nc6 12. Be3 Bf6 13. 0-0 g6 14. Bb1 Qd6 15. Qd2 Re8 16. Rd1 Bg4 17. f3 Bd7 18. Bf2 Ne7 19. Ba2 Bg5 20. g3 Nf5 21. Rac1 b6 22. Re1 Nh4 23. Rc3 Rxe1+ 24. Bxe1 Nf5 25. Bf2 Re8 26. Bb3 h5 27. Bc2 h4 28. Bxf5 Bxf5 29. Be3 hxg3 30. hxg3 Bd7 31. Kf2 Bb5 32. Ng2 Bf6 33. Bf4 Qd7 34. Re3 Rxe3 35. Nxe3 Qe6 36. Qc3 Qh3 37. Qd2 Qh2+ 38. Ng2 Qh1 39. Ne3 Qh2+ 40. Ng2 Qh1 41. Ne3 Qh2+ 1/2-1/2

[Event "FIN-chT 1314"]
[Site "Finland"]
[Date "2013.09.21"]
[Round "1.5"]
[White "Koskinen, Henri"]
[Black "Kononen, Keijo"]
[Result "1-0"]
[WhiteElo "2233"]
[BlackElo "2222"]
[PlyCount "107"]
[EventDate "2013.09.21"]
[EventType "team-tourn"]
[EventRounds "11"]
[EventCountry "FIN"]
[SourceTitle "CBM 156 Extra"]
[Source "ChessBase"]
[SourceDate "2013.10.22"]
[SourceVersion "1"]
[SourceVersionDate "2013.10.22"]
[SourceQuality "1"]
[WhiteTeam "Vantaa EtVaS"]
[BlackTeam "Oulu OSS"]
[WhiteTeamCountry "FIN"]
[BlackTeamCountry "FIN"]

1. d4 Nf6 2. Nf3 g6 3. Bg5 Bg7 4. Nbd2 d5 5. e3 0-0 6. Be2 c5 7. c3 cxd4 8. exd4 Nc6 9. h3 Bf5 10. 0-0 Rc8 11. Re1 Na5 12. Ne5 Qb6 13. g4 Be6 14. Rb1 Rfe8 15. Be3 Nd7 16. Nd3 f6 17. b4 Nc6 18. Nc5 Nxc5 19. bxc5 Qc7 20. Nb3 Bf7 21. Bf3 Rcd8 22. Bg2 e5 23. Qf3 Be6 24. Qg3 Qf7 25. f4 e4 26. Nd2 f5 27. g5 Rb8 28. Rb5 Qc7 29. Reb1 b6 30. Qe1 bxc5 31. Rxc5 Bf8 32. Rcb5 Rxb5 33. Rxb5 a6 34. Rb1 Bd6 35. Qf1 Nb8 36. Rb3 Rc8 37. Qf2 Bd7 38. Nb1 Ba4 39. Rb2 Nd7 40. Bf1 Qc6 41. h4 Bd1 42. Be2 Bxe2 43. Qxe2 Ra8 44. Rb3 Nb6 45. Nd2 Qc7 46. Qf1 Kf7 47. Kg2 Ke6 48. Kg3 Nc4 49. Nxc4 dxc4 50. d5+ Kxd5 51. Qd1+ Ke6 52. Rb6 Rf8 53. Qd4 Ke7 54. Rxa6 1-0

[Event "FIN-chT 1213"]
[Site "Finland"]
[Date "2013.01.12"]
[Round "8.5"]
[White "Von Wright, Aarne"]
[Black "Kononen, Keijo"]
[Result "1/2-1/2"]
[WhiteElo "2103"]
[BlackElo "2236"]
[PlyCount "74"]
[EventDate "2012.09.28"]
[EventType "team-tourn"]
[EventRounds "11"]
[EventCountry "FIN"]
[SourceTitle "EXT 2014"]
[Source "ChessBase"]
[SourceDate "2013.11.20"]
[SourceVersion "1"]
[SourceVersionDate "2013.11.20"]
[SourceQuality "1"]
[WhiteTeam "Jyvaskyla JyS"]
[BlackTeam "Oulu OSS"]
[WhiteTeamCountry "FIN"]
[BlackTeamCountry "FIN"]

1. e4 c5 2. Nc3 d6 3. Nf3 Nf6 4. Bb5+ Bd7 5. Bxd7+ Qxd7 6. 0-0 Nc6 7. Re1 g6 8. d3 Bg7 9. h3 0-0 10. Be3 Ne8 11. Qd2 Nd4 12. Nh2 f5 13. exf5 Nxf5 14. Nf3 Nf6 15. d4 cxd4 16. Nxd4 Nxe3 17. Qxe3 e5 18. Nf3 Qc6 19. Rad1 b5 20. Re2 b4 21. Ne4 Nxe4 22. Qxe4 Qxe4 23. Rxe4 Rf4 24. Rxf4 exf4 25. Rxd6 Bxb2 26. Rd7 Bf6 27. Rc7 a5 28. Kf1 Rb8 29. Ke2 a4 30. h4 b3 31. cxb3 axb3 32. axb3 Rxb3 33. Rc4 Rb2+ 34. Kf1 Rb1+ 35. Ke2 Rb2+ 36. Kf1 Rb1+ 37. Ke2 Rb2+ 1/2-1/2

[Event "FIN-chT 1112"]
[Site "Finland"]
[Date "2011.09.18"]
[Round "2.7"]
[White "Kononen, Keijo"]
[Black "Kytoniemi, Jyrki"]
[Result "1-0"]
[WhiteElo "2247"]
[BlackElo "2283"]
[PlyCount "85"]
[EventDate "2011.09.17"]
[EventType "team-tourn"]
[EventRounds "11"]
[EventCountry "FIN"]
[SourceTitle "CBM 144 Extra"]
[Source "ChessBase"]
[SourceDate "2011.10.28"]
[SourceVersion "1"]
[SourceVersionDate "2011.10.28"]
[SourceQuality "1"]
[WhiteTeam "Oulu OSS"]
[BlackTeam "Tampere"]
[WhiteTeamCountry "FIN"]
[BlackTeamCountry "FIN"]

1. d4 c5 2. d5 e6 3. e4 exd5 4. exd5 d6 5. Nf3 g6 6. Bb5+ Bd7 7. Bxd7+ Nxd7 8. 0-0 Ne7 9. Re1 Bg7 10. Qe2 Ne5 11. Nxe5 dxe5 12. Nc3 0-0 13. Bg5 f6 14. Be3 b6 15. Rad1 Nf5 16. d6 Qd7 17. Ne4 Rad8 18. c3 Qe6 19. Bxc5 bxc5 20. Nxc5 Qxa2 21. d7 Rb8 22. b4 Qxe2 23. Rxe2 Kf7 24. Ra2 Rfd8 25. Rxa7 Bf8 26. Nb7 Rxb7 27. Rxb7 Nd6 28. Rc7 Be7 29. c4 Ke6 30. c5 Rxd7 31. Rxd7 Kxd7 32. b5 Kc7 33. cxd6+ Bxd6 34. Rc1+ Kd7 35. f3 f5 36. Kf2 h5 37. Ke2 h4 38. h3 g5 39. Kd3 Ke6 40. Rc8 Kd5 41. b6 e4+ 42. fxe4+ fxe4+ 43. Ke2 1-0

[Event "FIN-chT qual2 0910"]
[Site "Ylivieska"]
[Date "2010.04.17"]
[Round "10.7"]
[White "Toikkanen, Vesa"]
[Black "Kononen, Keijo"]
[Result "0-1"]
[WhiteElo "2055"]
[BlackElo "2227"]
[PlyCount "60"]
[EventDate "2010.04.17"]
[EventType "team-match"]
[EventRounds "1"]
[EventCountry "FIN"]
[SourceTitle "EXT 2019"]
[Source "ChessBase"]
[SourceDate "2018.10.10"]
[SourceVersion "1"]
[SourceVersionDate "2018.10.10"]
[SourceQuality "1"]
[WhiteTeam "Espoo MatSK II"]
[BlackTeam "Oulu OSS"]
[WhiteTeamCountry "FIN"]
[BlackTeamCountry "FIN"]

1. d4 Nf6 2. c4 g6 3. Nc3 Bg7 4. e4 d6 5. f3 0-0 6. Be3 c5 7. d5 a6 8. Bd3 b5 9. cxb5 Qa5 10. Nge2 Nbd7 11. 0-0 Ne5 12. a4 Bd7 13. Ra3 Rfb8 14. h3 Qc7 15. f4 Nxd3 16. Qxd3 c4 17. Qd2 axb5 18. axb5 Rxa3 19. bxa3 Bxb5 20. Rc1 Bd7 21. Bd4 Rb3 22. e5 Ne8 23. Qe3 Rxa3 24. e6 fxe6 25. dxe6 Bc6 26. f5 Qa5 27. fxg6 hxg6 28. Bxg7 Nxg7 29. Nd4 Bb7 30. Ndb5 Qxb5 0-1

[Event "Oulu We Sh-77"]
[Site "Oulu"]
[Date "2009.??.??"]
[Round "3"]
[White "Kononen, Keijo"]
[Black "Valli, Frans"]
[Result "1/2-1/2"]
[WhiteElo "2227"]
[BlackElo "2170"]
[PlyCount "48"]
[EventDate "2009.??.??"]
[EventType "swiss"]
[EventRounds "5"]
[EventCountry "FIN"]
[SourceTitle "EXT 2011"]
[Source "ChessBase"]
[SourceDate "2010.11.26"]
[SourceVersion "1"]
[SourceVersionDate "2010.11.26"]
[SourceQuality "1"]

1. d4 d5 2. c4 c6 3. Nc3 Nf6 4. Nf3 e6 5. e3 Nbd7 6. Bd3 dxc4 7. Bxc4 b5 8. Bd3 Bb7 9. a3 Bd6 10. 0-0 0-0 11. Ng5 e5 12. Qc2 h6 13. Nge4 Bc7 14. b4 exd4 15. exd4 a5 16. Rb1 axb4 17. axb4 Nxe4 18. Bxe4 Nf6 19. Bf3 Qxd4 20. g3 Qc4 21. Be2 Qe6 22. Bf3 Qc4 23. Be2 Qe6 24. Bf3 Qc4 1/2-1/2